Online
Catalog

Marketing farmacéutico / (Record no. 24033)

MARC details
000 -CABECERA
campo de control de longitud fija 00888nam a2200253 a 4500
001 - NÚMERO DE CONTROL
campo de control 000024540
005 - FECHA Y HORA DE LA ÚLTIMA TRANSACCIÓN
campo de control 20200930023228.0
008 - DATOS DE LONGITUD FIJA--INFORMACIÓN GENERAL
campo de control de longitud fija 110131s2000 sp ad r 000 0 spa d
020 ## - NÚMERO INTERNACIONAL ESTÁNDAR DEL LIBRO
Número Internacional Estándar del Libro 8436814282
040 ## - FUENTE DE LA CATALOGACIÓN
Centro catalogador/agencia de origen DO-SdBNP
Lengua de catalogación spa
Centro/agencia transcriptor BNPHU
082 ## - NÚMERO DE LA CLASIFICACIÓN DECIMAL DEWEY
Número de clasificación 658.8
Número de documento/Ítem F897m
049 ## - FONDOS LOCALES (OCLC)
Fondos de biblioteca BNGR
100 1# - ENTRADA PRINCIPAL--NOMBRE DE PERSONA
Nombre de persona Frías, Dolores M.
9 (RLIN) 50290
245 10 - MENCIÓN DE TÍTULO
Título Marketing farmacéutico /
Mención de responsabilidad, etc. Dolores M. Frías ; prólogo Teodoro Luque Martínez.
260 ## - PUBLICACIÓN, DISTRIBUCIÓN, ETC.
Lugar de publicación, distribución, etc. Madrid, (España) :
Nombre del editor, distribuidor, etc. Ediciones Pirámide, (Grupo Anaya),
Fecha de publicación, distribución, etc. 2000.
300 ## - DESCRIPCIÓN FÍSICA
Extensión 285 p. :
Otras características físicas il., diag. ;
Dimensiones 23 cm.
490 1# - MENCIÓN DE SERIE
Mención de serie Marketing sectorial
500 ## - NOTA GENERAL
Nota general Incluye referencias bibliográficas p. [271-285].
504 ## - NOTA DE BIBLIOGRAFÍA, ETC.
Nota de bibliografía, etc. Incluye notas al pie de las páginas.
650 #4 - PUNTO DE ACCESO ADICIONAL DE MATERIA--TÉRMINO DE MATERIA
Término de materia o nombre geográfico como elemento de entrada Mercadeo farmacéutico
9 (RLIN) 50291
650 #4 - PUNTO DE ACCESO ADICIONAL DE MATERIA--TÉRMINO DE MATERIA
Término de materia o nombre geográfico como elemento de entrada Farmacia
Subdivisión general Mercadotecnia
9 (RLIN) 50292
700 1# - PUNTO DE ACCESO ADICIONAL--NOMBRE DE PERSONA
Nombre de persona Luque Martínez, Teodoro,
Término indicativo de función/relación pról.
9 (RLIN) 50293
830 #0 - PUNTO DE ACCESO ADICIONAL DE SERIE-TÍTULO UNIFORME
Título uniforme Marketing sectorial
9 (RLIN) 50294
Holdings
Estado de retiro Estado de pérdida Restricciones de uso No para préstamo Código de colección Localización permanente Ubicación/localización actual Ubicación en estantería Fecha de adquisición Número de inventario Total de préstamos Signatura topográfica completa Código de barras Fecha visto por última vez Precio válido a partir de Tipo de ítem Koha
        Monografías: Libros y Folletos General General En catalogación 31.01.2011 LF1   658.8 F897m 24540-10 25.06.2020 25.06.2020 Préstamo en sala

Powered by Koha